000 00411cam a22001217a 4500
008 180718b2003 xxu||||| |||| 00| 0 eng d
100 _aNabeshima, Kaoru
245 _aRaising the quality of secondary education in East Asia
_cby Kaoru Nabeshima
260 _aWashington, D.C.
_bWorld Bank
_c2003
300 _a37p.
440 _aPolicy research working paper; no. 3140
650 _aEducation, Secondary --East Asia
999 _c289842
_d289842